000 00478pam a2200193 a 4500
020 _c195.00
040 _aMedical College Libr
041 _aENG
_hENG
082 _a614
_bHUN
100 _aHutter, Mark .
245 _aThe Changing Family /
_c
_hTextual Documents
260 _a :
_bAllyn and Bacon ,
_c1998.
300 _a226 ;
_c
365 _a195.00
653 _aCommunity Medicine
930 _a7545
999 _c7544
_d7544